114 Meilleur joueur de foot de l'histoire - Statistiques

Statistiques générales
  • Ce quiz a été pris 127 fois
  • Le résultat moyen est 33 sur 114
Statistiques - réponses
Hint Réponse % Correct
Portugal Cristiano Ronaldo
96%
Brésil Ronaldo
96%
Argentine Maradona
90%
Brésil Pele
90%
France Zidane
88%
Brésil Ronaldinho
74%
Pays-Bas Cruyff
70%
Brésil Neymar
70%
France Henry
65%
France Mbappe
63%
France Platini
56%
Uruguay Suarez
56%
Espagne Iniesta
52%
Croatie Modric
49%
Allemagne Neuer
48%
Espagne Xavi
48%
Cameroun Eto'o
46%
France Griezmann
45%
Brésil Kaka
45%
Allemagne Beckenbauer
44%
Pays de Galles Bale
43%
Angleterre Rooney
43%
France Benzema
42%
Pays-Bas Gullit
42%
Pologne Lewandowski
42%
Italie Maldini
42%
Pays-Bas Van Basten
42%
Cote d'ivoire Drogba
41%
Angleterre Beckham
38%
Uruguay Cavani
37%
Angleterre Charlton
37%
Egypte Salah
37%
Espagne Ramos
36%
Italie Buffon
35%
Brésil Rivaldo
35%
Pays-Bas Robben
35%
Allemagne Kroos
33%
Portugal Eusébio
32%
France Pogba
32%
Espagne Casillas
31%
Belgique De Bruyne
31%
Portugal Figo
30%
Brésil Marcelo
30%
Espagne Villa
30%
Italie Cannavaro
29%
Liberia Weah
29%
Irlande Best
27%
Brésil Cafu
27%
France Ribery
27%
Espagne Torres
27%
Brésil Carlos
26%
Bulgarie Puskas
26%
Ukraine Shevchenko
26%
Russie Yashin
26%
Allemagne Matthaus
25%
République Tchèque Nedved
25%
Angleterre Owen
25%
Angleterre Gerrard
23%
Pays-Bas Van Dijk
23%
France Blanc
22%
Espagne Busquets
22%
France Deschamps
22%
Argentine Di Maria
22%
Italie Baggio
21%
Brésil Alves
20%
France Fontaine
20%
Cote d'ivoire Toure
20%
Brésil Zico
20%
France Desailly
19%
Argentine Di Stefano
19%
France Kopa
19%
France Varane
19%
Portugal Deco
18%
Italie Del Piero
18%
Brésil Garrincha
18%
Brésil Socrates
18%
Italie Totti
16%
Argentine Crespo
15%
Pays de Galles Giggs
15%
Allemagne Ballack
14%
France Cantona
14%
Roumanie Hagi
14%
Allemagne Klose
14%
Danemark Laudrup
14%
Allemagne Rummenigge
14%
République tchèque Cech
13%
Ecosse Dalglish
13%
Allemagne Kahn
13%
Argentine Batistuta
12%
Danemark Schmeichel
12%
Croatie Suker
12%
Pays-Bas Van der Sar
12%
Pays-Bas Bergkamp
11%
Angleterre Ferdinand
11%
Serbie Vidic
11%
France Vieira
11%
Brésil Jairzinho
10%
Pays-Bas Sneijder
10%
Allemagne Gerd Muller
9%
Cameroun Milla
9%
Allemagne Sammer
9%
Hongrie Stoichkov
9%
Italie Baresi
8%
Italie Zoff
8%
Brésil Bebeto
7%
Brésil Lucio
4%
Uruguay Francescoli
3%
Angleterre Terry
3%
Argentine Tevez
3%
Italie Toni
3%
Paraguay Chilavert
2%
Espagne David Silva
2%
Allemagne Klinsmann
1%
Espagne Alonzo
0%
Aucun quiz correspondant
Distribution des résultats
% des personnes avec chaque résultat
Percentile par nombre de réponses
Votre historique - résultats
Vous n’avez pas pris ce quiz